Cell Biology: organelle structure and function (Record no. 6276)

MARC details
000 -LEADER
fixed length control field 00531nam a22001937a 4500
003 - CONTROL NUMBER IDENTIFIER
control field OSt
005 - DATE AND TIME OF LATEST TRANSACTION
control field 20190830114741.0
008 - FIXED-LENGTH DATA ELEMENTS--GENERAL INFORMATION
fixed length control field 190830b ||||| |||| 00| 0 eng d
020 ## - INTERNATIONAL STANDARD BOOK NUMBER
International Standard Book Number 0867202289
040 ## - CATALOGING SOURCE
Transcribing agency DDC
082 ## - DEWEY DECIMAL CLASSIFICATION NUMBER
Classification number 571.6 SAD 1993
100 ## - MAIN ENTRY--PERSONAL NAME
Personal name Sadava, David E.
9 (RLIN) 12892
245 ## - TITLE STATEMENT
Title Cell Biology: organelle structure and function
260 ## - PUBLICATION, DISTRIBUTION, ETC. (IMPRINT)
Place of publication, distribution, etc. Boston
Name of publisher, distributor, etc. Jones and Bartlett,
Date of publication, distribution, etc. 1993
300 ## - PHYSICAL DESCRIPTION
Extent XVII,698P;
Other physical details col.ill:
Dimensions 26cm
504 ## - BIBLIOGRAPHY, ETC. NOTE
Bibliography, etc Appendices,& index included
650 ## - SUBJECT ADDED ENTRY--TOPICAL TERM
Topical term or geographic name as entry element Cell biology
9 (RLIN) 5671
942 ## - ADDED ENTRY ELEMENTS (KOHA)
Source of classification or shelving scheme Other/Generic Classification Scheme
Koha item type Book Bank
Holdings
Withdrawn status Lost status Source of classification or shelving scheme Damaged status Not for loan Home library Current library Date acquired Source of acquisition Inventory number Total Checkouts Full call number Barcode Date last seen Date last checked out Koha item type
    Dewey Decimal Classification     MUST Main Library Faculty of Interdisciplinary Studies Library 30/08/2019 Purchase 11/34519 6 571.6 SAD 1993 2019-0316 27/01/2022 24/01/2022 Open Shelf